<?xml version="1.0" encoding="UTF-8"?>
<collection xmlns="http://www.loc.gov/MARC21/slim">
 <record>
  <leader>00460pamaa2200169   4500</leader>
  <controlfield tag="001">0000015029</controlfield>
  <controlfield tag="005">20100426090000.0</controlfield>
  <datafield tag="020" ind1="0" ind2="0">
   <subfield code="a">0425106012 </subfield>
  </datafield>
  <datafield tag="082" ind1=" " ind2=" ">
   <subfield code="a">152.4 CAY</subfield>
  </datafield>
  <datafield tag="090" ind1="0" ind2="0">
   <subfield code="a">BF327 </subfield>
   <subfield code="b">CAY 1976</subfield>
  </datafield>
  <datafield tag="100" ind1="1" ind2="0">
   <subfield code="a">Cayce </subfield>
  </datafield>
  <datafield tag="245" ind1="1" ind2="0">
   <subfield code="a">Story of attitudes and emotions  </subfield>
   <subfield code="c">Edgar Cayce ; edited and arranged by Jeffrey Furst.</subfield>
  </datafield>
  <datafield tag="260" ind1="0" ind2="0">
   <subfield code="a">New York: </subfield>
   <subfield code="b">Berkley Books, </subfield>
   <subfield code="c">1982.</subfield>
  </datafield>
  <datafield tag="300" ind1=" " ind2=" ">
   <subfield code="a">206p.: </subfield>
   <subfield code="b">19cm.</subfield>
  </datafield>
  <datafield tag="650" ind1="0" ind2="0">
   <subfield code="a">Attitudes </subfield>
  </datafield>
  <datafield tag="650" ind1="0" ind2="0">
   <subfield code="a">Emotions </subfield>
  </datafield>
  <datafield tag="700" ind1="1" ind2="1">
   <subfield code="a">FURST, </subfield>
   <subfield code="h">Jeffrey </subfield>
  </datafield>
 </record>
</collection>
